<?xml version="1.0" encoding="UTF-8"?><?xml-stylesheet type="text/xsl" href="static/style.xsl"?><OAI-PMH xmlns="http://www.openarchives.org/OAI/2.0/" xmlns:xsi="http://www.w3.org/2001/XMLSchema-instance" xsi:schemaLocation="http://www.openarchives.org/OAI/2.0/ http://www.openarchives.org/OAI/2.0/OAI-PMH.xsd"><responseDate>2026-04-17T15:03:19Z</responseDate><request verb="GetRecord" identifier="oai:www.recercat.cat:11351/12598" metadataPrefix="marc">https://recercat.cat/oai/request</request><GetRecord><record><header><identifier>oai:recercat.cat:11351/12598</identifier><datestamp>2025-10-24T07:47:05Z</datestamp><setSpec>com_2072_451665</setSpec><setSpec>com_2072_378040</setSpec><setSpec>col_2072_451666</setSpec></header><metadata><record xmlns="http://www.loc.gov/MARC21/slim" xmlns:dcterms="http://purl.org/dc/terms/" xmlns:xsi="http://www.w3.org/2001/XMLSchema-instance" xmlns:doc="http://www.lyncode.com/xoai" xsi:schemaLocation="http://www.loc.gov/MARC21/slim http://www.loc.gov/standards/marcxml/schema/MARC21slim.xsd">
   <leader>00925njm 22002777a 4500</leader>
   <datafield ind2=" " ind1=" " tag="042">
      <subfield code="a">dc</subfield>
   </datafield>
   <datafield ind2=" " ind1=" " tag="720">
      <subfield code="a">Martínez, Esther</subfield>
      <subfield code="e">author</subfield>
   </datafield>
   <datafield ind2=" " ind1=" " tag="720">
      <subfield code="a">Foncillas, Alberto</subfield>
      <subfield code="e">author</subfield>
   </datafield>
   <datafield ind2=" " ind1=" " tag="720">
      <subfield code="a">Téllez, Adrián</subfield>
      <subfield code="e">author</subfield>
   </datafield>
   <datafield ind2=" " ind1=" " tag="720">
      <subfield code="a">Fernández, Sara</subfield>
      <subfield code="e">author</subfield>
   </datafield>
   <datafield ind2=" " ind1=" " tag="720">
      <subfield code="a">Martínez‑Nadal, Gemma</subfield>
      <subfield code="e">author</subfield>
   </datafield>
   <datafield ind2=" " ind1=" " tag="720">
      <subfield code="a">Rico Caballero, Veronica</subfield>
      <subfield code="e">author</subfield>
   </datafield>
   <datafield ind2=" " ind1=" " tag="260">
      <subfield code="c">2025-02-17T07:43:27Z</subfield>
   </datafield>
   <datafield ind2=" " ind1=" " tag="260">
      <subfield code="c">2025-02-17T07:43:27Z</subfield>
   </datafield>
   <datafield ind2=" " ind1=" " tag="260">
      <subfield code="c">2024-10-11</subfield>
   </datafield>
   <datafield ind2=" " ind1=" " tag="520">
      <subfield code="a">Acquired immunodeficiency syndrome (AIDS); Antiretroviral therapy; Intensive care unit</subfield>
   </datafield>
   <datafield ind2=" " ind1=" " tag="520">
      <subfield code="a">Síndrome de inmunodeficiencia adquirida (SIDA); Terapia antirretroviral; Unidad de cuidados intensivos</subfield>
   </datafield>
   <datafield ind2=" " ind1=" " tag="520">
      <subfield code="a">Síndrome d'immunodeficiència adquirida (SIDA); Teràpia antiretroviral; Unitat de cures intensives</subfield>
   </datafield>
   <datafield ind2=" " ind1=" " tag="520">
      <subfield code="a">Purposes: Since 2016, the World Health Organization has recommended universal antiretroviral therapy (ART) for all people living with Human Immunodeficiency Virus (PLHIV). This recommendation may have influenced the characteristics and outcomes of PLHIV admitted to the Intensive Care Unit (ICU). This study aims to identify changes in the epidemiological and clinical characteristics of PLHIV admitted to the ICU, and their short- and medium-term outcomes before and after the implementation of universal ART (periods 2006-2015 and 2016-2019). &#xd;
Methods: This retrospective, observational, single-center study included all adult PLHIV admitted to the ICU of a University Hospital in Barcelona from 2006 to 2019. &#xd;
Results: The study included 502 admissions involving 428 patients, predominantly men (75%) with a median (P25-P75) age of 47.5 years (39.7-53.9). Ninety-one percent were diagnosed with HIV before admission, with 82% under ART and 60% admitted from the emergency department. In 2016-2019, there were more patients on ART pre-admission, reduced needs for invasive mechanical ventilation (IMV) and fewer in-ICU complications. ICU mortality was also lower (14% vs 7%). Predictors of in-ICU mortality included acquired immunodeficiency syndrome defining event (ADE)-related admissions, ICU complications, higher SOFA scores, IMV and renal replacement therapy (RRT) requirement. ART use during ICU admission was protective. Higher SOFA scores, admission from hospital wards, and more comorbidities predicted one-year mortality. &#xd;
Conclusions: The in-ICU mortality of critically ill PLHIV has decreased in recent years, likely due to changes in patient characteristics. Pre- and ICU admission features remain the primary predictors of short- and medium-term outcomes</subfield>
   </datafield>
   <datafield ind1="8" ind2=" " tag="024">
      <subfield code="a">http://hdl.handle.net/11351/12598</subfield>
   </datafield>
   <datafield tag="653" ind2=" " ind1=" ">
      <subfield code="a">Sida</subfield>
   </datafield>
   <datafield tag="653" ind2=" " ind1=" ">
      <subfield code="a">Unitats de cures intensives</subfield>
   </datafield>
   <datafield tag="653" ind2=" " ind1=" ">
      <subfield code="a">Epidemiologia</subfield>
   </datafield>
   <datafield tag="653" ind2=" " ind1=" ">
      <subfield code="a">DISEASES::Virus Diseases::RNA Virus Infections::Retroviridae Infections::Lentivirus Infections::HIV Infections::Acquired Immunodeficiency Syndrome</subfield>
   </datafield>
   <datafield tag="653" ind2=" " ind1=" ">
      <subfield code="a">HEALTH CARE::Health Care Facilities, Manpower, and Services::Health Facilities::Hospital Units::Intensive Care Units</subfield>
   </datafield>
   <datafield tag="653" ind2=" " ind1=" ">
      <subfield code="a">PUBLIC HEALTH::Epidemiology and Biostatistics::Epidemiology::Epidemiologic Studies::Analytical Epidemiology</subfield>
   </datafield>
   <datafield tag="653" ind2=" " ind1=" ">
      <subfield code="a">ENFERMEDADES::virosis::infecciones por virus ARN::infecciones por Retroviridae::infecciones por Lentivirus::infecciones por VIH::síndrome de inmunodeficiencia adquirida</subfield>
   </datafield>
   <datafield tag="653" ind2=" " ind1=" ">
      <subfield code="a">ATENCIÓN DE SALUD::instalaciones, servicios y personal de asistencia sanitaria::centros sanitarios::unidades hospitalarias::unidades de cuidados intensivos</subfield>
   </datafield>
   <datafield tag="653" ind2=" " ind1=" ">
      <subfield code="a">SALUD PÚBLICA::epidemiología y bioestadística::epidemiología::estudios epidemiológicos::epidemiología analítica</subfield>
   </datafield>
   <datafield ind2="0" ind1="0" tag="245">
      <subfield code="a">Epidemiological changes and outcomes of people living with HIV admitted to the intensive care unit: a 14-year retrospective study</subfield>
   </datafield>
</record></metadata></record></GetRecord></OAI-PMH>